Rozpoznaj materiał budowlany po zdjęciu - Statystyki

Ogólne statystyki
  • Ten quiz został rozwiązany 30 razy
  • Średni wynik to 6 z 16
Statystyki odpowiedzi
Obrazkowy Odpowiedź % Poprawnych
Cegła
89%
Wkręt
79%
Styropian
71%
Silikon
68%
Pustak
64%
Kątownik
46%
Pistolet
46%
Bloczek betonowy
29%
Kołek
21%
Zaprawa gipsowa
21%
Klips
11%
Skrobak
11%
Wyciskacz
11%
Prowadnica
4%
Siatka z włókna szklanego
4%
Lokalizator płytek
0%
Nie znaleziono quizów pasujących do podanych kryteriów
Rozkład punktacji
Procent ludzi z każdym wynikiem
Percentyl według liczby udzielonych odpowiedzi
Twoja historia wyników
Nie rozwiązałeś tego quizu